სტატისტიკური მიზნებისათვის დანაშაულის საერთაშორისო კლასიფიკაციებთან საქართველოს სისხლის სამართლის კოდექსით გათვალისწინებული დანაშაულების შესაბამისობა : (ბიბ.ჩანაწერი № 58520)
[ მარტივი ფორმატი ]
| 000 -ლიდერი | |
|---|---|
| ფიქსირებული სიგრძის საკონტროლო ველი | 01973nam a22002417a 4500 |
| 003 - საკონტროლო ნომრის იდენტიფიკატორი | |
| საკონტროლო ველი | Ge_BSU |
| 005 - ბოლო ოპერაციის თარიღი და დრო | |
| საკონტროლო ველი | 20220517134532.0 |
| 008 - ფიქსირებული სიგრძის მონაცემთა ელემენტები - ზოგადი ინფორმაცია | |
| ფიქსირებული სიგრძის საკონტროლო ველი | 220517s2021 ge ||||| |||| 00| 0 geo d |
| 020 ## - წიგნის საერთაშორისო სტანდარტული ნომერი | |
| International Standard Book Number | 9789941259135 |
| 041 ## - ენის კოდი | |
| Language code of text/sound track or separate title | geo |
| 080 ## - უნივერსალური ათობითი კლასიფიკაციის ინდექსი | |
| Universal Decimal Classification number | 343.23 ს-82 |
| 245 ## - ცნობა სათაურის შესახებ | |
| Title | სტატისტიკური მიზნებისათვის დანაშაულის საერთაშორისო კლასიფიკაციებთან საქართველოს სისხლის სამართლის კოდექსით გათვალისწინებული დანაშაულების შესაბამისობა : |
| Remainder of title | [სახელმძღვანელო] / |
| Statement of responsibility, etc | [მომზადებაში მონაწილეობდნენ: ირაკლი მინაშვილი, ეკატერინე ხარებავა, სალომე კვირკველია [და სხვა]; საქართველოს პროკურატურა. |
| 264 ## - წარმოების, გამოცემის, დისტრიბუციის და სხვა ცნობები | |
| გამოცემის, წარმოების, დისტრიბუციის... ადგილი | თბილისი : |
| გამოცემის, წარმოების, დისტრიბუციის... სახელწოდება | მერიდიანი, |
| გამოცემის, წარმოების, დისტრიბუციის... თარიღი | 2021. |
| 300 ## - ფიზიკური აღწერა | |
| Extent | 608 გვ. ; |
| Other physical details | 28,5 სმ. |
| 500 ## - ზოგადი შენიშვნა | |
| General note | თავფურცლის მე-3 გვერდი ინგლისურ ენაზე. სახელმძღვანელო შექმნილია ევროკავშირის დახმარებით. |
| 653 ## - INDEX TERM--UNCONTROLLED | |
| Uncontrolled term | სამართალი |
| 700 ## - ADDED ENTRY--PERSONAL NAME | |
| Personal name | მინაშვილი, ირაკლლი. |
| Relator term | ავტორი |
| 9 (RLIN) | 13752 |
| 700 ## - ADDED ENTRY--PERSONAL NAME | |
| Personal name | ხარებავა, ეკატერინე. |
| Relator term | ავტორი |
| 9 (RLIN) | 13753 |
| 700 ## - ADDED ENTRY--PERSONAL NAME | |
| Personal name | კვირკველია, სალომე. |
| Relator term | ავტორი |
| 9 (RLIN) | 13754 |
| 700 ## - ADDED ENTRY--PERSONAL NAME | |
| Personal name | მუხიაშვილი, ნათია. |
| Relator term | ავტორი |
| 9 (RLIN) | 13755 |
| 710 ## - ADDED ENTRY--CORPORATE NAME | |
| Corporate name or jurisdiction name as entry element | საქართველოს პროკურატურა |
| 9 (RLIN) | 13756 |
| 942 ## - ADDED ENTRY ELEMENTS (KOHA) | |
| Source of classification or shelving scheme | |
| Koha item type | წიგნი |
| ჩამოწერის სტატუსი | დაკარგული ეგზემპლარის სტატუსი | კლასიფიკაციის წყარო ან თაროზე გაწყობის სქემა | დაზიანების სტატუსი | არ გაიცემა | მუდმივი მდებარეობა (დაცვის ადგილი) | ამჟამინდელი ადგილსამყოფელი | თაროზე განთავსების ადგილი | შეძენის თარიღი | ღირებულება, შესყიდვის ნორმალური ფასი | სრული შენახვის შიფრი | შტრიხკოდი | ბოლო ოპერაციის თარიღი | ეგზემპლარის მიმდევრობითი ნომერი (კეტერი?) | ფასის ძალაში შესვლის თარიღი | ეგზემპლარის სახეობა | საჯარო შენიშვნა |
|---|---|---|---|---|---|---|---|---|---|---|---|---|---|---|---|---|
| ბათუმის შოთა რუსთაველის სახელმწიფო უნივერსიტეტის მთავარი ბიბლიოთეკა | ბათუმის შოთა რუსთაველის სახელმწიფო უნივერსიტეტის მთავარი ბიბლიოთეკა | წიგნსაცავი | 2022-05-17 | 25.00 | 343.23 ს-82 | 62360 | 2022-05-17 | 62360 | 2022-05-17 | წიგნი | 25 ლ. | |||||
| ბათუმის შოთა რუსთაველის სახელმწიფო უნივერსიტეტის მთავარი ბიბლიოთეკა | ბათუმის შოთა რუსთაველის სახელმწიფო უნივერსიტეტის მთავარი ბიბლიოთეკა | წიგნსაცავი | 2022-05-17 | 25.00 | 343.23 ს-82 | 62361 | 2022-05-17 | 62361 | 2022-05-17 | წიგნი | 25 ლ. |
